| 000 | 01009pab a2200157 454500 | ||
|---|---|---|---|
| 008 | 180718b2002 xxu||||| |||| 00| 0 eng d | ||
| 100 | _aBanerjee-Guha, Swapna | ||
| 245 | _aCritical geographical praxis: globalisation and socio-spatial disorder | ||
| 260 | _c2002 | ||
| 300 | _ap.4503-509. | ||
| 362 | _a2 Nov | ||
| 520 | _aWith the academisation of radical geographical thought and its further development from radical to critical in recent years, and a growing importance of emerging critique of erstwhile social theories in various disciplines, the globalisation discourse on space-time convergence is increasingly occupying a significant position in the ongoing debates in critical geography. It, therefore, becomes important to examine the process of globalisation with a spatial dialectical perspective and bring out the facets of political economy of space though such geographical researches. - Reproduced. | ||
| 650 | _aGlobalization | ||
| 773 | _aEconomic and Political Weekly | ||
| 909 | _a54430 | ||
| 999 |
_c54430 _d54430 |
||